|
|
|
|
| LEADER |
00000nam0a2200000 4500 |
| 001 |
262359 |
| 005 |
20231101233639.0 |
| 035 |
|
|
|a (RuTPU)RU\TPU\book\285342
|
| 090 |
|
|
|a 262359
|
| 100 |
|
|
|a 20140531d1975 k y0rusy50 ca
|
| 101 |
0 |
|
|a rus
|
| 102 |
|
|
|a RU
|
| 105 |
|
|
|a y z 001zy
|
| 200 |
1 |
|
|a Горячие электроны и сильные электромагнитные волны в плазме полупроводников и газового разряда
|e [монография]
|f Ф. Г. Басс, Ю. Г. Гуревич
|
| 210 |
|
|
|a Москва
|c Наука
|d 1975
|
| 215 |
|
|
|a 399 с.
|c ил.
|
| 320 |
|
|
|a Библиогр.: с. 394-399.
|
| 606 |
1 |
|
|a Плазма полупроводников
|2 stltpush
|3 (RuTPU)RU\TPU\subj\48938
|9 67754
|
| 606 |
1 |
|
|a Плазма газоразрядная
|2 stltpush
|3 (RuTPU)RU\TPU\subj\48929
|9 67746
|
| 610 |
1 |
|
|a кинетические уравнения
|
| 610 |
1 |
|
|a электромагнитное поле
|
| 610 |
1 |
|
|a сильное магнитное поле
|
| 610 |
1 |
|
|a постоянное магнитное поле
|
| 610 |
1 |
|
|a тепловой поток
|
| 610 |
1 |
|
|a уравнения переноса
|
| 610 |
1 |
|
|a уравнения Максвелла
|
| 610 |
1 |
|
|a нелинейные волны
|
| 610 |
1 |
|
|a скин-эффект
|
| 675 |
|
|
|a 537.311.322:533.9
|v 3
|
| 675 |
|
|
|a 533.9
|v 3
|
| 700 |
|
1 |
|a Басс
|b Ф. Г.
|g Фридрих Гершонович
|
| 701 |
|
1 |
|a Гуревич
|b Ю. Г.
|g Юрий Генрихович
|
| 801 |
|
1 |
|a RU
|b 63413507
|c 20140531
|
| 801 |
|
2 |
|a RU
|b 63413507
|c 20150130
|g RCR
|
| 942 |
|
|
|c BK
|